Pure Poison Type Pokémon - Statistics

General Stats
  • This quiz has been taken 78 times
  • The average score is 16 of 17
Answer Stats
Region Number Answer % Correct
0109 Koffing
98%
0033 Nidorino
98%
0110 Weezing
98%
0024 Arbok
95%
Kanto 0023 Ekans
95%
0088 Grimer
95%
0089 Muk
95%
0030 Nidorina
95%
Hoenn 0316 Gulpin
93%
0317 Swalot
93%
0569 Garbodor
91%
0569 Gigantamax Garbodor
91%
0336 Seviper
91%
Unova 0568 Trubbish
91%
0029 Nidoran♀
80%
0032 Nidoran♂
80%
Alola 0803 Poipole
73%
No matching quizzes found
Score Distribution
Percent of People with Each Score
Percentile by Number Answered
Your Score History
You have not taken this quiz